| 000 | 00646nam a22002177a 4500 | ||
|---|---|---|---|
| 999 |
_c14494 _d14494 |
||
| 003 | AR-CdUCM | ||
| 008 | 190423b ||||| |||| 00| 0 spa d | ||
| 020 | _a978-84-9101-189-7 | ||
| 040 |
_aMUNICIPALIDAD PROVINCIAL DEL CUSCO _cBIBLIOTECA MUNICIPAL DEL CUSCO |
||
| 082 |
_aPI / 376.1 / _bD31 |
||
| 110 |
_aCombel _932671 |
||
| 245 | _aPoco a poco / | ||
| 260 |
_aBarcelona : _bCombel editores, _c2016. |
||
| 300 |
_bilustraciones, graficos, dibujos, _c21 cm. |
||
| 500 | _aCuentos para niƱos | ||
| 650 |
_aCuentos _9217 |
||
| 650 |
_aHistoria _9136 |
||
| 856 | _fwww.combeleditores.com | ||
| 942 |
_2ddc _cLIBROS |
||
| 945 |
_apjha _d2019-04-23 |
||